Half Life 1 Chapters - Statistics

General Stats
  • This quiz has been taken 267 times
  • The average score is 14 of 18
Answer Stats
Chapter % Correct
Xen
90%
On A Rail
85%
Blast Pit
83%
Nihilanth
80%
Office Complex
80%
Surface Tension
80%
We've Got Hostiles
80%
Unforeseen Consequences
78%
Forget About Freeman
76%
Interloper
76%
Lambda Core
72%
Black Mesa Inbound
71%
Gonarch's Lair
71%
Questionable Ethics
70%
Anomalous Materials
69%
Power Up
68%
Apprehension
63%
Residue Processing
63%
No matching quizzes found
Score Distribution
Percent of People with Each Score
Percentile by Number Answered
Your Score History
You have not taken this quiz